| 000 | 00000nam 2200000zi 4500 |
| 001 | 9.945660 |
| 003 | CaOODSP |
| 005 | 20241127140508 |
| 006 | m o d f |
| 007 | cr |n||||||||| |
| 008 | 241127t19961996onca obf f001 0 eng d |
| 020 | |z0660600285 |
| 040 | |aCaOODSP|beng|erda|cCaOODSP |
| 043 | |an-cn--- |
| 086 | 1 |aX9-2/5-1996E-PDF|zX9-2/5-1996 |
| 245 | 00|aPrécis of procedure. |
| 250 | |aFifth edition. |
| 264 | 1|aOttawa, Canada : |bHouse of Commons, Table Research Branch, |c1996. |
| 264 | 4|c©1996 |
| 300 | |a1 online resource (147, 4 pages) : |billustration |
| 336 | |atext|btxt|2rdacontent |
| 337 | |acomputer|bc|2rdamedia |
| 338 | |aonline resource|bcr|2rdacarrier |
| 500 | |aDigitized edition from print [produced by Government of Canada Publications Directorate]. |
| 500 | |aIssued also in French under title: Précis de procédure. |
| 504 | |aIncludes bibliographical references (pages 127-130). |
| 610 | 10|aCanada. |bParliament. |bHouse of Commons|xRules and practice|vHandbooks, manuals, etc. |
| 650 | 0|aParliamentary practice|zCanada|vHandbooks, manuals, etc. |
| 650 | 0|aLegislation|zCanada|vHandbooks, manuals, etc. |
| 655 | 7|aHandbooks and manuals|2lcgft |
| 710 | 1 |aCanada.|bHouse of Commons. |bTable Research Branch, |eissuing body. |
| 775 | 08|tPrécis de procédure.|w(CaOODSP)9.945668 |
| 856 | 40|qPDF|s7.58 MB|uhttps://publications.gc.ca/collections/collection_2024/parl/X9-2-5-1996-eng.pdf |